000 00649nam a2200241Ia 4500
003 OSt
005 20220912152445.0
006 a|||||r|||| 00| 0
007 ta
008 220909b |||||||| |||| 00| 0 eng d
024 _a46394
037 _cTextual
040 _aCSL
_beng
_cCSL
041 _aeng
082 _aH1141:11:(C5:55), K5
100 _aZvyagin Boris Borisovich
245 0 _aElectron-diffraction analysis of clay mineral structures
260 _c1965
300 _ap.
_ccm.
650 _aSilicate Minerals
942 _hH1141:11:(C5:55), K5
_cTEXL
_2CC
999 _c86470
_d86470